| 000 | 01002nam a2200301 i 4500 | ||
|---|---|---|---|
| 001 | bg | ||
| 003 | BPK | ||
| 005 | 20211214085107.0 | ||
| 008 | 970513s1992 pl a f f |001 0 pol | ||
| 015 | _aPB 1992/4610 | ||
| 020 | _a8320414059 | ||
| 040 |
_aWA N _cBPK |
||
| 041 | 1 |
_apol _heng |
|
| 080 | _a004.424 | ||
| 080 | _a(07) | ||
| 100 | 1 |
_aBentley, Jon Louis _eAutor |
|
| 245 | 1 | 0 |
_aPerełki oprogramowania / _cJon Bentley ; z ang. przeł. Agata Tomaszewska. |
| 246 | 1 |
_iTyt. oryg.: _aProgramming pearls, _f1986. |
|
| 260 |
_aWarszawa : _bWydawnictwa Naukowo-Techniczne, _c1992. |
||
| 300 |
_a203, [1] s. : _brys. ; _c24 cm. |
||
| 504 | _aIndeks. | ||
| 650 | 4 | _aProgramowanie (informatyka) | |
| 655 | 4 | _aPodręcznik | |
| 710 | 2 |
_aWydawnictwa Naukowo-Techniczne _4pbl. |
|
| 700 | 1 |
_aTomaszewska, Agata _c(tłumacz) _eTłumaczenie |
|
| 856 |
_uhttp://koha.tu.koszalin.pl/cgi-bin/koha/opac-detail.pl?biblionumber=32049 _yKatalog online BPK |
||
| 942 |
_2UKD _cKS |
||
| 999 |
_c32049 _d32049 |
||